Statistics for Olympic Countries to Have Never Won a Medal

Click here to take the quiz!

General Stats

  • This quiz has been taken 631 times
  • The average score is 42 of 73

Answer Stats

Games AttendedAnswer% Correct
21Andorra
80%
22San Marino
74%
28Monaco
71%
5Saint Kitts and Nevis
71%
2Tuvalu
71%
11Chad
70%
16Fiji
70%
5Nauru
70%
4Palau
70%
10Guinea
69%
10Lesotho
69%
5Saint Lucia
69%
4Federated States of Micronesia
68%
16Nepal
68%
8Samoa
68%
2Marshall Islands
67%
8Seychelles
67%
6Yemen
67%
8Bhutan
65%
5Cape Verde
65%
9Democratic Republic of the Congo
65%
3Kiribati
65%
12Mali
65%
8Oman
65%
7Saint Vincent and the Grenadines
65%
9Antigua and Barbuda
64%
10Benin
64%
16Malta
63%
8The Gambia
63%
7Vanuatu
63%
8Angola
62%
11Belize
62%
4Brunei
62%
5Guinea-Bissau
62%
11Republic of the Congo
62%
8Solomon Islands
62%
10Swaziland
62%
4Timor-Leste
62%
5Comoros
61%
8Laos
61%
5São Tomé and Príncipe
61%
7Maldives
60%
8Rwanda
60%
6Dominica
59%
12Madagascar
59%
8Burkina Faso
58%
11Liberia
58%
9Malawi
58%
10Albania
57%
10El Salvador
57%
8Mauritania
57%
11Honduras
56%
8Cambodia
55%
9Central African Republic
55%
8Equatorial Guinea
55%
10Sierra Leone
55%
9Papua New Guinea
54%
11Nicaragua
53%
8Somalia
53%
5Turkmenistan
53%
8Bangladesh
51%
9Libya
47%
18Bolivia
46%
9Jordan
46%
12Bosnia and Herzegovina
41%
16Myanmar
28%
5Palestine
23%
10British Virgin Islands
20%
7Aruba
19%
8Guam
17%
8American Samoa
13%
7Cook Islands
11%
11Cayman Islands
10%

Score Distribution

Percentile by Number Answered

Percent of People with Each Score

Your Score History

You have not taken this quiz